MARC

LEADER 00000nam0a2200000 4500
001 298947
005 20231102001144.0
035 |a (RuTPU)RU\TPU\book\324098 
090 |a 298947 
100 |a 20150623d1962 k y0rusy50 ca 
101 0 |a rus 
102 |a RU 
105 |a a z 001zy 
200 1 |a Непосредственное охлаждение электрических машин  |f А. И. Москвитин  |g Академия наук СССР (АН СССР), Энергетический институт им. Г. М. Кржижановского 
210 |a Москва  |c Издательство Академии наук СССР  |d 1962 
215 |a 224 с.  |c ил. 
320 |a Библиогр.: с. 216-221. 
606 1 |a Электрические машины  |x Охлаждение  |2 stltpush  |3 (RuTPU)RU\TPU\subj\27114  |9 50912 
610 1 |a непосредственное охлаждение 
610 1 |a аналитическая теория 
610 1 |a температура 
610 1 |a распределение 
610 1 |a тепловые цепи 
610 1 |a вентиляция 
610 1 |a жидкостное охлаждение 
610 1 |a испарительное охлаждение 
610 1 |a водородное охлаждение 
675 |a 621.313.017  |v 3 
700 1 |a Москвитин  |b А. И.  |g Анатолий Иванович 
712 0 2 |a Академия наук СССР (АН СССР)  |b Энергетический институт им. Г. М. Кржижановского  |c (Москва)  |c (1930-1961)  |2 stltpush  |3 (RuTPU)RU\TPU\col\14865 
801 1 |a RU  |b 63413507  |c 20150623 
801 2 |a RU  |b 63413507  |c 20151014  |g RCR 
942 |c BK